2010年代に引退した関東大手私鉄・公営交通の鉄道車両 - Statistics

General Stats
  • This quiz has been taken 54 times
  • The average score is 18 of 28
Answer Stats
引退年 形式名 % Correct
2011 京王6000系
91%
2012 小田急10000形(HiSE)
88%
2012 小田急5000形(初代)
88%
2017 東京メトロ01系
86%
2018 東京メトロ6000系
86%
2019 相鉄7000系
84%
2018 小田急7000形(LSE)
84%
2010 京急1000形(初代)
81%
2012 小田急20000形(RSE)
81%
2019 京急800形
79%
2018 京急2000形
77%
2014 東京メトロ5000系
77%
2015 東京メトロ06系
74%
2018 都営10-000形
74%
2014 西武3000系
72%
2015 京成3300形
72%
2018 東急7700系
65%
2019 東急2000系
63%
2011 京王3000系
51%
2015 京成AE100形
51%
2019 東急8590系
49%
2017 都営10-300R形
40%
2012 西武301系
40%
2015 東急7600系
37%
2013 東急8090系
37%
2017 都営7000形
21%
2019 都営40形
14%
2011 都営7500形
12%
No matching quizzes found
Score Distribution
Percent of People with Each Score
Percentile by Number Answered
Your Score History
You have not taken this quiz